Ukrajinský prezident si buduje klan

Bohaté podnikateľské aktivity Petra Porošenka. "Čokoládový kráľ". Nespokojnosť Ukrajincov aj politických strán. Korupcia. Zlyhané reformy.

Salvato in:
Dettagli Bibliografici
Autore principale: Tvardzík, Jozef
Natura: Capitolo di libro
Lingua:slovacco
Soggetti:
Tags: Aggiungi Tag
Nessun Tag, puoi essere il primo ad aggiungerne!!

MARC

LEADER 00000naa a2200000 4500
001 0222246
005 20231113105628.5
041 0 |a slo 
044 |a SK 
245 1 0 |a Ukrajinský prezident si buduje klan  |c Jozef Tvardzík 
520 |a Bohaté podnikateľské aktivity Petra Porošenka. "Čokoládový kráľ". Nespokojnosť Ukrajincov aj politických strán. Korupcia. Zlyhané reformy. 
610 2 0 |a politika vnútorná 
610 2 0 |a prezidenti 
610 2 0 |a vláda 
610 2 0 |a bohatstvo 
610 2 0 |a oligarchia finančná 
610 2 0 |a korupcia 
610 2 0 |a reformy 
610 2 0 |a Ukrajina 
100 1 |a Tvardzík, Jozef